Регионална библиотека "Любен Каравелов" - Русе

Practice and progress (Запис номер 395210)

MARC детайли
000 -Лидер
Контролно поле с фиксирана дължина nam a22 a 4500
003 - Код на организацията, давaща контролен номер
Контролно поле BLK
005 - Дата и час на последна редакция
Контролно поле 20210122103837.0
008 - Елементи от данни с фиксирана дължина
fixed length control field 180411b bul|||||r ||||||| ||bul||
040 ## - Източник на каталожния запис
Идентификатор на билиотеката - собственик на записа BLK
041 ## - Код за език
Код за езика на текст/звукозапис или на отделно заглавие Английски
Код за езика КДБФ Английски
080 ## - УДК
Текстов определител УДК Английски език
УДК код - определител по УДК 811.111
УДК определител (075.8)
УДК - код + определител 811.111(075.8)
100 ## - Редна дума - Автор
Автор Alexander, L. G.
Авторска отговорност първи автор
R(LIN) 347719
139 ## - Редно поле
Редна дума Alexander, L. G.
Авторски знак Alex - A 33
245 10 - Сведения за заглавието
Заглавие Practice and progress
Подзаглавни данни An integrated course for pre-intermediate students
Редно поле (дума) L. G. Alexander; ill. Michael Holkes
Том Part 2 : Twe - volume edition
257 ## - Страна на издаване
Страна на създаване/издаване България
260 ## - Област на издателските данни
Година на издаване 1990
Място на издаване, разпространение и проч. София
Печатница София: ПБ БЕК
300 ## - Физическа характеристика
Размери/Мащаб 23 cm
380 ## - Жанр
Жанр Езикознание. Филология
490 ## - СЕРИИ (Колекции)
Име на серия New concept english
9 (RLIN) 209114
500 ## - Общи забележки
Забележка Отпечатано в България в пробен тираж.
650 #4 - Допълнително описание по предмет – тема
Основно описание – тема или топоним Английски език - учебници за ВУЗ
9 (RLIN) 242129
700 ## - Други автори (авторска отговорност)
9 (RLIN) 130
Лично име Holkes, Michael
Автороска отговорност (Описва отношението между автора и произведението) ill.
760 ## - Описание на основната серия
Редна дума на основното описание Alexander, L. G.
Място на издаване, издател и година 1990, София: ПБ БЕК
Страници - том 285 p., s ill.
Част - том Part 2 : Twe - volume edition
Заглавие Practice and progress
852 ## - Местоположение
Форматна сигнатура Цб ІІ 7554
Фондова буква Хранилище
999 ## - СИСТЕМНИ КОНТРОЛНИ НОМЕРА
Koha biblionumber 395210
Koha biblioitemnumber 395210
942 ## - АРТИКУЛИ
Вид на библиотечния материал Книги
Скрит в OPAC Не
Периодичен библиозапис Да
944 ## - СЪЗДАВАНЕ И РЕДАКЦИЯ на ЗАПИСА
Създаване/Редакция Създаване
Дата на регистрацията/редакция 2021-01-22
Служител, извършил регистрацията/редакцията СТ
999 ## - СИСТЕМНИ КОНТРОЛНИ НОМЕРА
Koha biblioitemnumber 395200
999 ## - СИСТЕМНИ КОНТРОЛНИ НОМЕРА
Koha biblioitemnumber 395199
999 ## - СИСТЕМНИ КОНТРОЛНИ НОМЕРА
Koha biblioitemnumber 395196
999 ## - СИСТЕМНИ КОНТРОЛНИ НОМЕРА
Koha biblioitemnumber 395194
Наличности
Код за отписване Код за изгубен артикул Източник на класификационната схема Код за повреда Коз за рестрикции Код за отдаване Артикулен № Име на библиотеката - собственик Име на библиотеката, в която се намира в момента Статус (Текущо местоположение) Дата на вписване в системата Местоположение - отдел Цена в лева Инвентарен номер Систематично азбучна сигнатура Баркод Цена в евро Служебен тип на артикула
  Не е изгубен Universal Decimal Classification Не е повреден само за читалня ползва се в читалня 808418 Регионална библиотека "Любен Каравелов" Русе Регионална библиотека "Любен Каравелов" Русе Хранилище 2021-01-22 Хранилище 10.00 541030 Цб ІІ 7554 120000541030 5.11 Книги
Vip Innovations Ltd, Rousse, Bulgaria 2025